| 000 | 00535pam a2200181 a 4500 | ||
|---|---|---|---|
| 020 | _a0314026525 (alk paper) | ||
| 040 | _cDLC | ||
| 082 | 0 | 0 | _a540 WES 1994 A023 Or. |
| 100 | 1 | _aSeager, Spencer L. | |
| 245 | 1 | 0 |
_aChemistry for today : _bgeneral, organic, and biochemistry / |
| 250 | _a2nd ed. | ||
| 260 |
_aMinneapolis/St. Paul : _bWest Pub. Co., _cc1994. |
||
| 300 |
_a1 v. (various pagings) : _bill. (some col.) ; _c29 cm. |
||
| 500 | _aIncludes index. | ||
| 650 | 0 | _aChemistry. | |
| 700 | 1 | _aSlabaugh, Michael R., | |
| 942 | _cEK | ||
| 999 |
_c16431 _d16431 |
||